Score 0/13 Timer 15:00
0 Plays Today
Question Answer Wrong Answers
EASY Who is the only player to have his number retired and unretired? ???
99.1%
???
0%
???
0%
???
0%
What team did the Bulls face in Derrick Rose’s playoff debut? ???
52.6%
???
18.8%
???
12.4%
???
13.2%
What was the Bucks record last year? (2018-19 season) ???
51.3%
???
3%
???
0.4%
???
0%
MEDIUM How many 3 pointers did the Rockets, as a team, attempt per game? ???
35.5%
???
5.6%
???
5.6%
???
3.8%
How many points did Lou Williams average in the 2018-19 season? ???
21.8%
???
9%
???
3.8%
???
1.3%
What pick did Bol Bol get picked with? ???
20.9%
???
0.4%
???
0.4%
???
0.9%
HARD What years did Larry Bird when his 3 straight MVPs? ???
11.1%
???
1.7%
???
1.3%
???
5.6%
How many finals appearances do the Lakers have? ???
6%
???
0.4%
???
2.1%
???
3.4%
How old was the oldest MVP winner? ???
6%
???
0%
???
0%
???
0.4%
IMPOSSIBLE How many points did Shaq average in the 1994-95 NBA Finals? ???
4.3%
???
1.3%
???
0.9%
???
0%
What’s the lowest PPG average Michael Jordan ever had in the playoffs? ???
4.3%
???
0%
???
0%
???
0%
Who led the Pacers in scoring with a minimum of 36 games PLAYED? ???
3%
???
0.9%
???
0.4%
???
0.4%
Thank you for playing, click DUBS ALL DAY to finish I hope you enjoy your day ???
2.1%
???
0.4%
???
0.4%

You're not logged in!

Compare scores with friends on all Sporcle quizzes.
OR
Log In

Sporcle TV

Today on Sporcle TV


Watch our educational content, quiz creation guides, and fun videos on Sporcle TV.

Show Comments

Extras

Top Quizzes Today


Score Distribution

Paid Content

Your Account Isn't Verified!

In order to create a playlist on Sporcle, you need to verify the email address you used during registration. Go to your Sporcle Settings to finish the process.

Report this User

Report this user for behavior that violates our Community Guidelines.

Details: